Жестокие духи (Запись № 12789311)

Подробности
000 -МАРКЕР
контрольное поле 02767nam0a2200337 4500
001 - ИДЕНТИФИКАТОР ЗАПИСИ
контрольное поле RU\NLR\BIBL_A\016238277
005 - ИДЕНТИФИКАТОР ВЕРСИИ
контрольное поле 20250625005031.0
010 ## - МЕЖДУНАРОДНЫЙ СТАНДАРТНЫЙ НОМЕР КНИГИ (ISBN)
Номер (ISBN) 978-5-04-159766-5
Тираж 5000
021 ## - НОМЕР ГОСУДАРСТВЕННОЙ РЕГИСТРАЦИИ
Код страны российская федерация
Номер 2022-82816
Номер Листа государственной регистраци КН-П-7290
035 ## - ДРУГИЕ СИСТЕМНЫЕ НОМЕРА
Идентификатор записи (RuMoRGB)011406166
035 ## - ДРУГИЕ СИСТЕМНЫЕ НОМЕРА
Идентификатор записи (NLR Aleph) 016238277
100 ## - ДАННЫЕ ОБЩЕЙ ОБРАБОТКИ
Данные общей обработки 20221214d2022 |||y0rusy50 ca
101 1# - ЯЗЫК РЕСУРСА
Язык текста, звукозаписи и т.д. русский
Язык оригинала английский
102 ## - СТРАНА ПУБЛИКАЦИИ ИЛИ ПРОИЗВОДСТВА
Страна публикации российская федерация
105 ## - ПОЛЕ КОДИРОВАННЫХ ДАННЫХ: ТЕКСТОВЫЕ МАТЕРИАЛЫ, МОНОГРАФИЧЕСКИЕ
Кодированные данные о монографическом текстовом документе y z 000ay
181 #0 - ПОЛЕ КОДИРОВАННЫХ ДАННЫХ: ВИД СОДЕРЖАНИЯ
Код вида содержания (ISBD) i4
Код характеристики содержания (ISBD) axxe
182 #1 - ПОЛЕ КОДИРОВАННЫХ ДАННЫХ: ТИП СРЕДСТВА
Код типа средства (ISBD) n - непосредственное
200 1# - ЗАГЛАВИЕ И СВЕДЕНИЯ ОБ ОТВЕТСТВЕННОСТИ
Основное заглавие Жестокие духи
Первые сведения об ответственности Кэт Чо
Последующие сведения об ответственности перевод с английского Ирины Скокло
203 ## - ВИД СОДЕРЖАНИЯ И ТИП СРЕДСТВА
Вид содержания Текст
Дополнительные сведения об издании визуальный
Тип средства непосредственный
210 ## - ПУБЛИКАЦИЯ, РАСПРОСТРАНЕНИЕ И ДР.
Место издания, распространения и т.д. Москва
Имя издателя, распространителя и т. д. Эксмо
Дата издания, распространения и т.д. 2022
215 ## - ФИЗИЧЕСКАЯ ХАРАКТЕРИСТИКА
Специфическое обозначение материала и объем 444, [1] с.
Размеры 21
330 ## - РЕЗЮМЕ ИЛИ РЕФЕРАТ
Текст примечания После всего случившегося только Сомин готова помочь своим друзьям собрать осколки разбитых жизней и исцелиться. Но Джихун все еще оплакивает свою бабушку, а Миён скорбит о смерти матери. К тому же Миён теперь должна научиться жить без своей лисьей бусины. Единственный, кто, кажется, готов двигаться вперед, - это всеобщий любимец, токкэби Чуну. Сомин и Чуну не сразу удается найти общий язык: он кажется Сомин высокомерным корыстным аферистом, а ее враждебность забавляет Чуну. До тех пор, пока Чуну не осознает, что его необъяснимым образом тянет к Сомин. Ей тоже не удается скрыть свое влечение. Пока они пытаются разобраться в своих чувствах, Сеул внезапно наводняют призраки: потеря лисьей бусины Миён вызвала разрыв между мирами живых и мертвых. Единственный способ закрыть источник - найти пропавшую бусину. Или заставить Миён заплатить своей жизнью. Удастся ли Чуну и Сомин побороть разногласия и найти иной путь спасения?
333 ## - ПРИМЕЧАНИЯ ОБ ОСОБЕННОСТЯХ РАСПРОСТРАНЕНИЯ И ИСПОЛЬЗОВАНИЯ
Текст примечания 16+
686 1# - ИНДЕКСЫ ДРУГИХ КЛАССИФИКАЦИЙ
Индекс Ш6(7США)67-445{Лх1979-62}
700 #1 - ИМЯ ЛИЦА - ПЕРВИЧНАЯ ОТВЕТСТВЕННОСТЬ
Графика поля Кириллица
Материалы, к которым относится поле rus
Начальный элемент ввода Чо
Часть имени, кроме начального элемента ввода К.
Расширение инициалов личного имени Кэт
Системный номер авторитетной/нормативной записи 237601
Идентификатор авторитетной/нормативной записи RU\NLR\AUTH\770237657
942 ## - ДОПОЛНИТЕЛЬНЫЕ ЭЛЕМЕНТЫ ЗАПИСИ (АБИС)
Тип экземпляра АБИС Книга
980 ## - КОЛЛЕКЦИЯ
Название коллекции Национальная библиография
Экземпляры
Тип экземпляра Дата поступления Источник поступления Библиотека постоянного хранения Библиотека текущего хранения Место хранения Шифр хранения Штрих-код Статус не для выдачи
Книга 14.12.2022 Обязательный экземпляр РНБ (Московский) РНБ (Московский) Русский книжный фонд: издания с 1957 года, 8этаж, Хран. 2022-3/35567 1-4084478  
Книга 14.12.2022 Обязательный экземпляр РНБ (Московский) РНБ (Московский) Русский книжный фонд: издания с 1957 года, 8этаж, Хран. 2022-3/35567 1-4084479